Arthur Miller's New York : visions of the city /

"Take a tour of New York City as inspiration, place and context for the work of America's greatest playwright of the 20th century, brought to life with numerous illustrations. Stephen Marino offers a rich, panoramic study of NYC across Miller's oeuvre, exploring how he transformed the...

Full description

Bibliographic Details
Main Author: Marino, Stephen, 1953- (Author)
Format: Book
Language:English
Published: London ; New York : Methuen Drama, 2026.
Subjects:

MARC

Tag First Indicator Second Indicator Subfields
LEADER 00000cam a2200000 i 4500
001 in00005779821
003 OCoLC
005 20260310141647.0
007 t|
008 250910s2026 enka b 001 0beng
010 |a  2025030129 
024 8 |a 40033176621 
040 |a DLC  |b eng  |e rda  |c DLC  |d OCLCO  |d IG#  |d UKMGB  |d OCLCO  |d YDX 
019 |a 1501813082 
020 |a 9781350524767  |q hardback 
020 |a 135052476X 
020 |a 9781350524750  |q paperback 
020 |a 1350524751 
020 |z 9781350524781  |q pdf 
020 |z 9781350524774  |q epub 
035 |a (OCoLC)1501849576  |z (OCoLC)1501813082 
042 |a pcc 
043 |a n-us-ny 
050 0 0 |a PS3525.I5156  |b Z755 2026 
082 0 4 |a 812.52  |2 23 
100 1 |a Marino, Stephen,  |d 1953-  |e author.  |4 aut  |4 http://id.loc.gov/vocabulary/relators/aut  |1 https://id.oclc.org/worldcat/entity/E39PCjKQdW6CXM4tjxcgqdpJcK  |1 http://id.loc.gov/rwo/agents/n00022260 
245 1 0 |a Arthur Miller's New York :  |b visions of the city /  |c Stephen Marino. 
264 1 |a London ;  |a New York :  |b Methuen Drama,  |c 2026. 
300 |a xv, 220 pages :  |b illustrations (black and white) ;  |c 24 cm 
334 |a single unit  |b mono  |0 http://id.loc.gov/vocabulary/issuance/mono 
336 |a text  |b txt  |2 rdacontent  |0 http://id.loc.gov/vocabulary/contentTypes/txt 
337 |a unmediated  |b n  |2 rdamedia  |0 http://id.loc.gov/vocabulary/mediaTypes/n 
338 |a volume  |b nc  |2 rdacarrier  |0 http://id.loc.gov/vocabulary/carriers/nc 
353 |a bibliography  |b bibliography  |0 http://id.loc.gov/vocabulary/msupplcont/bibliography 
353 |a index  |b index  |0 http://id.loc.gov/vocabulary/msupplcont/index 
504 |a Includes bibliographical references and index. 
505 0 |a Preface. A pear tree bloomed in Brooklyn -- Introduction. Arthur Miller and the New York experience -- The Brooklyn plays -- The Manhattan works -- Focus : a novel about Queens -- Short stories of the boroughs. 
520 |a "Take a tour of New York City as inspiration, place and context for the work of America's greatest playwright of the 20th century, brought to life with numerous illustrations. Stephen Marino offers a rich, panoramic study of NYC across Miller's oeuvre, exploring how he transformed the defining experiences of his youth and early adulthood in New York into art. Chapters explore the presence of the city in plays - including Death of a Salesman, A View From the Bridge and Broken Glass - in the novel Focus and his other fiction. Images bring the character of NYC into sharp relief"-- Provided by publisher. 
600 1 0 |a Miller, Arthur,  |d 1915-2005  |x Criticism and interpretation. 
600 1 0 |a Miller, Arthur,  |d 1915-2005  |x Homes and haunts  |z New York (State)  |z New York. 
650 0 |a American drama  |y 20th century  |x History and criticism. 
650 0 |a Dramatists, American  |y 20th century  |v Biography. 
651 0 |a New York (N.Y.)  |x In literature. 
650 7 |a American drama  |x History and criticism.  |2 fast  |0 (OCoLC)fst00807014 
650 7 |a Dramatists, American  |2 fast 
651 7 |a New York (State)  |z New York  |2 fast  |1 https://id.oclc.org/worldcat/entity/E39QbtfRvQh7864Jh4rDGBFDWc 
648 7 |a 1900-1999  |2 fast 
655 7 |a Biography.  |2 fast  |0 (OCoLC)fst01423686 
758 |1 http://id.loc.gov/resources/instances/in00024321749 
758 |4 http://id.loc.gov/ontologies/bibframe/instanceOf  |1 http://id.loc.gov/resources/works/in00024321749 
884 |a DLC bibframe2marc v3.0-dev  |g 20251118  |q DLC  |u https://github.com/lcnetdev/bibframe2marc/tree/v3.0-dev 
945 |b 712980 
947 |a A14852276741 
980 |b print  |c 40033176621  |f NONFIC/B  |g 565714  |k USD  |m 72.00  |q 1  |s AcqMono Conventional  |t Approval plan  |u Vendor order reference number  |v ZYBP  |y Print approval  |z Physical resource 
999 f f |i b7466041-21e6-4dfa-a053-d9f1cb7c5e2c  |s c3765a43-f9b4-4f32-9b73-d086b834df7e  |t 0 
952 f f |p newbook  |a Texas A&M University  |b College Station  |c Sterling C. Evans Library  |s Evans nbs  |d Evans: New Book Shelves (1st floor)  |t 0  |e PS3525.I5156 Z755 2026  |h Library of Congress classification  |i unmediated -- volume  |m A14852276741 
998 f f |a PS3525.I5156 Z755 2026  |t 0  |l Evans: Library Stacks